00476 a2200145 4500010001400000020002300014035001300037037001800050082001100068100001900079245009600098260003800194270006800232300003000300 aENG-85553 c300.00a8177420666 aEN-69086 bD.B.Act / ven14a954.011 aRajaram, N. S.1 aSarasvati river and the vedic civilizationcby N. S. Rajarambhistory, science and politics aNew DelhibAditya Prakashanc2006 aF-14/65, Model Town II,bDelhie110 009maditya@bibliaimpex.com axix, 152 9.c22 cm (Pbk.)